Osobní počítač - Upgrade, servis a opravy : Z angl.orig.

Salvato in:
Dettagli Bibliografici
Autore principale: Mueller, Scott (Autore)
Natura: Libro
Lingua:ceco
Pubblicazione: Brno : Computer Press, 1999
Edizione:8.vyd.amerického bestselleru
Serie:Hardware
Soggetti:
Tags: Aggiungi Tag
Nessun Tag, puoi essere il primo ad aggiungerne!!

MARC

LEADER 00000nam a22000003a 4500
001 stu54435
005 20150617225703.9
008 000626s1999----xr------------------cze-d
020 |a 80-7226-166-5 
040 |a STU  |b slo 
041 0 |a cze 
044 |a xr 
080 |a 681.32-7  |7 stu_us_auth*stu7768 
084 |a C0310D  |2 INS 
100 1 |a Mueller, Scott  |4 aut 
245 1 |a Osobní počítač - Upgrade, servis a opravy :  |b Z angl.orig. 
250 |a 8.vyd.amerického bestselleru 
260 |a Brno :  |b Computer Press,  |c 1999 
300 |a 1095 s. Tab.,index 
650 7 |a osobné počítače  |2 stusub 
650 7 |a údržba  |2 stusub 
830 0 |a Hardware 
996 |b 284EK84073  |c E*84073  |l EE01  |s A  |a 24  |w stu54435_0001 
996 |b C96380  |c C*96380  |l CCXX  |s P  |a 0  |w stu54435_0002